| 000 | 00883cam a2200253 a 4500 | ||
|---|---|---|---|
| 001 | 000017984 | ||
| 005 | 20200929165314.0 | ||
| 008 | 830907s2001 cu a 000 0 spa d | ||
| 020 | _a9591006748 | ||
| 040 |
_aDO-SdBNP _cDLC _dDLC _dDLC _dBNPHU |
||
| 043 | _anwcu | ||
| 082 |
_aCu861.44 _bG958L |
||
| 100 | 1 |
_aGuillén, Nicolás, _d1902-1989. _95891 |
|
| 245 | 1 | 3 |
_aEl libro de los sones / _cNicolás Guillén ; selección, prólogo y notas de Ángel Augier ; edición de Eliana Dávila. |
| 260 |
_aLa Habana : _bLetras Cubanas ;, _c2001. |
||
| 300 |
_a171, [4] p. : _bil. ; _c21 cm. |
||
| 504 | _aIncluye notas y referencias bibliográficas al pie de páginas | ||
| 650 | 4 |
_aPoesía cubana _95226 |
|
| 650 | 4 |
_aLiteratura cubana _91483 |
|
| 700 | 1 |
_aDávila, Eliana, _eed. _911227 |
|
| 700 | 1 |
_aAugier, Ángel, _epról _923432 |
|
| 910 | _aCatalogación derivada | ||
| 049 | _aBNGR | ||
| 999 |
_c17506 _d17506 |
||